| 000 | 01335nam a2200385 c 4500 | ||
|---|---|---|---|
| 001 | 6688 | ||
| 003 | ES-MaCES | ||
| 005 | 20180118122038.0 | ||
| 008 | 980403s1997 lu ||| | eng d | ||
| 020 | _a9282804143 | ||
| 035 | _aCES19980067496m | ||
| 040 |
_aES-MaCES _bspa _cES-MaCES |
||
| 100 | 1 |
_aWalker, Alan _926102 |
|
| 245 | 1 | 0 |
_aCombating age barriers in employment _b: European research report _cAlan Walker ; [European Foundation for the Improvement of Living and Working Conditions] |
| 260 |
_aLuxembourg _bOffice for Official Publications of the European Communities _c1997 |
||
| 300 |
_a160 p. _c24 cm |
||
| 504 | _aBibliografía: p. 147-149 | ||
| 541 | _cCompra | ||
| 650 | 4 |
_aenvejecimiento _928516 |
|
| 650 | 4 |
_avejez _928520 |
|
| 650 | 4 |
_atrabajador de edad avanzada _928410 |
|
| 650 | 4 |
_adiscriminación por edad _929857 |
|
| 650 | 4 |
_aempleo _928299 |
|
| 650 | 4 |
_amercado de trabajo _928292 |
|
| 650 | 4 |
_ainserción profesional _929942 |
|
| 650 | 4 |
_areinserción profesional _929517 |
|
| 650 | 4 |
_aestudio de casos _928846 |
|
| 650 | 4 |
_aplan de acción _930406 |
|
| 653 | 1 | 0 | _aEmpleo |
| 650 | 4 |
_926752 _aUE |
|
| 710 | 2 |
_93819 _aFundación Europea para la Mejora de las Condiciones de Vida y de Trabajo |
|
| 902 | _aLIB Libro | ||
| 942 |
_2CES _cBK _h2.1. |
||
| 999 |
_c6688 _d6688 |
||